000
00259nam a2200109Ia 4500
008
220204s9999 xx 000 0 und d
082
_a
912
_b
VIC
100
_a
Vickers, A F
245
0
_a
Patterns of interaction
260
_a
Sydney
_b
Longman
_c
1977
942
_c
BK
999
_c
28737
_d
28737